[Event "RUS-ch 53rd"]
[Site "Samara"]
[Date "2000.06.23"]
[Round "7"]
[White "Smirnov, Pavel"]
[Black "Kobalia, Mihail"]
[Result "1/2-1/2"]
[WhiteElo "2426"]
[BlackElo "2593"]
[Annotator "Rogozenco,D"]
[PlyCount "89"]
[EventDate "2000.06.03"]
[EventType "swiss"]
[EventRounds "11"]
[EventCountry "RUS"]
[SourceTitle "CBM 078"]
[Source "ChessBase"]
[SourceDate "2000.10.18"]
[SourceVersion "1"]
[SourceVersionDate "2000.10.18"]
[SourceQuality "1"]

1. e4 c5 2. c3 d5 3. exd5 Qxd5 4. d4 e6 5. Nf3 Nf6 6. Be2 cxd4 7. cxd4 Nc6 8.
O-O Be7 9. Nc3 Qd6 10. Nb5 Qd8 11. Bf4 Nd5 12. Bg3 a6 13. Nc3 O-O 14. Rc1 Nxc3
$5 {By changing the pawn structure Black tries to organize his play on the c
and d files. This move is more ambitious than the alternative 14. ... Nf6.} (
14... Nf6 15. a3 b6 {leads to equal positions.}) 15. bxc3 Bf6 16. a4 {Amazing
that this move was first played in a computer game.} (16. Bd3 b6 (16... b5 17.
a4 bxa4 18. Qxa4 Bd7 19. Qa3 Be7 20. Qa2 a5 21. Rfd1 Qc8 22. Qb1 h6 23. c4 a4
24. d5 $36 {0-1 Chekhov,V-Korneev,O/Moscow 1996 (48)}) 17. Nd2 (17. Rb1 $5)
17... Bb7 18. Qh5 g6 19. Qe2 e5 $13 {1/2-1/2 Sveshnikov,E-Podlesnik,B/
Ljubljana 1999 (58)}) 16... Bd7 (16... b6 17. Rb1 Na5 (17... Bb7 $2 18. Qb3)
18. Bd3 Bb7 19. Qe2 $14 {[%csl Ra6,Rb6]}) 17. c4 (17. Rb1 Na5 18. Ne5 Rc8 19.
Qc2 Bxe5 20. Bxe5 Bc6 21. Bd3 g6 22. Rfe1 Bd5 23. Bf4 Qe7 24. Qc1 Rc6 25. Qb2
Rfc8 26. Rbc1 Nc4 27. Qe2 Qa3 28. Bh6 Qd6 29. f3 Qd8 30. Ra1 Na5 31. Qe5 f6 32.
Qg3 Kh8 33. Bxg6 hxg6 34. Qxg6 Qe7 35. Qh5 Qh7 36. Qh4 Qg6 37. Re3 Nb3 38. Rd1
Kg8 39. Rdd3 Nc1 40. Rd1 Na2 41. c4 Rxc4 42. a5 Nc3 43. Rd2 Nb5 44. Re1 Bxf3
45. Be3 Rc1 46. Kh1 Bd5 47. Rg1 {0-1 Shredder 4-Nimzo 7.32/Cadaques ESP 2000})
17... Rc8 18. c5 $5 {[%csl Rb6,Rd6] Taking control over b6 and d6 squares and
fixing b7 pawn.} Nb4 19. Bd6 (19. Rb1 a5) 19... Be7 (19... Re8 20. Ne5 {
[%cal Re2f3]} Nc6 21. Bf3 $14) 20. Bxe7 Qxe7 21. Ne5 (21. Rb1 $5 a5 22. Ne5 $13
) 21... Nc6 22. Nc4 Qf6 23. Nd6 Nxd4 $1 (23... Rc7 24. Rc4 $14 (24. Bf3)) 24.
Nxc8 Bxa4 25. Ne7+ Kh8 26. Qd3 {I guess in the game 26.Qd2 was played.} (26.
Qd2 Nxe2+ (26... Nb3 $2 27. Qb4 Nxc1 28. Rxc1 $18)) 26... Nxe2+ (26... Bb5 $19)
27. Qxe2 Qxe7 (27... Bb5 28. Qf3 Qxe7 29. Rfd1 $11) 28. Qe5 f6 $6 (28... Rd8
$11) 29. Qd6 Qf7 (29... Qxd6 $6 30. cxd6 Rd8 31. Rc7 (31. Rfe1 e5 32. f4 h6 $1
(32... exf4 $2 33. d7 $18)) 31... h6 32. Rxb7 Rxd6 33. Rc1 e5 $14 {[%csl Rg7,
Rh8]}) 30. Rfe1 Re8 31. Rc3 Bc6 {Although Black has very good material
compensation for the exchange, White is not worse thanks to his space
advantage and beter control over dark squares (first of all d6).} 32. f4 Bd5
33. Rd3 (33. f5 $6 exf5 (33... e5 34. Rd3 Bc6 $13)) 33... f5 34. g4 $2 (34. h3
$11) 34... Be4 (34... fxg4 $142 $17 35. f5 Rf8 $1 $19) 35. Qd7 Qxd7 (35... Re7
$2 36. Qc8+ Re8 37. Rd8 Rxd8 38. Qxd8+ Qg8 39. Qc7 Bd5 40. Rd1 fxg4 41. c6 $1
bxc6 42. Rb1 $18) 36. Rxd7 Bc6 37. Rd6 fxg4 38. f5 (38. Rexe6 Rf8 39. Re7 Kg8
40. Rc7 Rxf4 41. Re6 $132 {[%cal Re6e7]}) 38... e5 39. Re6 Rd8 (39... Rf8 40.
R1xe5 a5 41. Re7 h6 (41... a4 42. f6 gxf6 43. Rh5 $11) 42. Rc7 a4 43. Ree7 Rxf5
44. Rxg7 $11) 40. R1xe5 $11 a5 41. Re7 a4 42. f6 gxf6 43. Rh5 Kg8 44. Rhxh7 Ra8
45. Rhg7+ 1/2-1/2

[Event "Najdorf Memorial 11th"]
[Site "Buenos Aires"]
[Date "2000.09.18"]
[Round "1"]
[White "Flores, Diego"]
[Black "Karpov, Anatoly"]
[Result "0-1"]
[WhiteElo "2358"]
[BlackElo "2699"]
[Annotator "Rogozenco,D"]
[PlyCount "84"]
[EventDate "2000.09.18"]
[EventType "tourn"]
[EventRounds "9"]
[EventCountry "ARG"]
[EventCategory "14"]
[SourceTitle "CBM 080"]
[Source "ChessBase"]
[SourceDate "2001.01.25"]
[SourceVersion "1"]
[SourceVersionDate "2001.01.25"]
[SourceQuality "1"]

1. e4 c5 2. c3 Nf6 3. e5 Nd5 4. d4 cxd4 5. Nf3 e6 6. cxd4 d6 7. Nc3 Nxc3 8.
bxc3 Qc7 9. Bd2 Nd7 10. Bd3 dxe5 11. O-O Be7 12. Re1 exd4 13. cxd4 O-O 14. Rc1
Qd8 15. Re4 a6 16. Qe2 Nf6 17. Rh4 Bd7 18. Bg5 g6 19. Ne5 Nd5 20. Bxe7 Qxe7 21.
Qg4 Bb5 $6 (21... Rfc8 $142) 22. Bxg6 fxg6 23. Nxg6 hxg6 24. Qxg6+ Qg7 25.
Qxe6+ Rf7 $2 (25... Qf7 26. Rg4+ Kh7) 26. Rg4 Bc6 27. Re1 Nf6 28. Rxg7+ Kxg7
29. Re5 (29. Qf5 $16) 29... Rd8 30. Rg5+ Kf8 31. h3 $2 (31. Qe5 Rd5 32. Qb8+
Ke7 33. Qf4 $14) 31... Rxd4 32. Rf5 $4 (32. Rg6 {[%cal Rg6h6] keeping
attacking chances. Black must be better, but there is still a lot of play.})
32... Bd7 {now it's over.} 33. Qe5 Rd1+ 34. Kh2 Bxf5 35. Qxf5 Rd5 $19 36. Qf4
Ne8 37. Qh6+ Ke7 38. Qb6 Nd6 39. Qc7+ Ke6 40. Qc2 b5 41. g3 Nc4 42. h4 Rxf2+
0-1

[Event "Ciocaltea Memorial"]
[Site "Bucharest"]
[Date "2000.03.15"]
[Round "11"]
[White "Vajda, Levente"]
[Black "Rogozenco, Dorian"]
[Result "1/2-1/2"]
[WhiteElo "2459"]
[BlackElo "2562"]
[Annotator "Rogozenco,D"]
[PlyCount "111"]
[EventDate "2000.03.13"]
[EventType "tourn"]
[EventRounds "13"]
[EventCountry "ROU"]
[EventCategory "10"]
[SourceTitle "CBM 077"]
[Source "ChessBase"]
[SourceDate "2000.07.27"]
[SourceVersion "1"]
[SourceVersionDate "2000.07.27"]
[SourceQuality "1"]

1. e4 c5 2. c3 Nf6 3. e5 Nd5 4. d4 cxd4 5. Nf3 Nc6 6. Bc4 Nb6 7. Bb3 d5 8. exd6
Qxd6 9. Na3 dxc3 10. Qe2 Bf5 11. Nb5 Qd7 12. Ne5 Nxe5 13. Qxe5 Rc8 $1 {First
met in the game Palkovi-Wells/Budapest 1997} (13... f6 14. Nc7+ Kd8 {is
considered to be the main line.}) 14. O-O Nc4 15. Bxc4 Rxc4 16. Nxc3 e6 17. Re1
Rc5 18. Qg3 f6 $146 ({There is nothing wrong with the move I played in my
previous game against the same opponent, I just thought that 18. ... f6 had
more chances for an advantage.} 18... Bg6 {Vajda-Rogozenko, Iasi ROM (ch), 1999
}) 19. Bf4 $8 (19. Be3 Bd6 $1 $17) 19... Kf7 (19... Rc8 20. Rad1 Qc6 21. Ne2 $1
$44) 20. Rad1 Qc6 21. Bd6 {White is a pawn down and he has to play very
creative in order to prove his compensation. In my opinion Black is slightly
better, but White's initiative might be enough for equality.} (21. Rd8 Rg8 22.
Red1 Be7 23. Rxg8 Kxg8 24. Bh6 Bg6 $17) 21... Rc4 (21... Bxd6 22. Rxd6 Qc7 23.
Red1 e5 24. Qf3 $44) 22. h3 (22. Bxf8 Rg4 $1 23. Rd6 (23. Qh3 Rg6 $19) 23...
Rxg3 24. Rxc6 bxc6 25. hxg3 Rxf8 $19) 22... e5 23. Bxf8 (23. Bxe5 fxe5 24. Qxe5
Rc5 $1 $19) 23... Rxf8 24. Qe3 a6 25. Rd2 $44 {<->d.} Rc8 26. Red1 Rc7 27. Rd5
(27. Rd6 $142 Qc5 28. Qf3 Rf4 29. Qh5+ Bg6 30. Qe2 $44) 27... Rd7 28. Rxd7+ $1
Bxd7 29. Qd3 Rd4 30. Qxh7 Rxd1+ 31. Nxd1 $15 {White succeeded to regain his
pawn back and now Black is a bit more active, but probably nothing real.} f5 (
31... Qc1 32. Qd3 $15) 32. Qh5+ Kg8 33. Qg5 Be6 34. Nc3 Qd6 35. a3 b5 36. Qg6
Qc6 37. g4 Bd7 38. gxf5 Qxg6+ 39. fxg6 Bxh3 40. Nd5 $11 Kf8 41. Nb4 Ke7 42.
Nxa6 Kd6 43. f3 Bf5 44. Kf2 Bxg6 45. Ke3 Bf5 46. Nb4 Be6 47. Nd3 Bb3 48. Nc1
Bd1 49. Na2 Bc2 50. Kd2 Bg6 51. b3 Bf7 52. Nc1 Bd5 53. Ke3 g5 54. a4 b4 55. Nd3
Bxb3 56. a5 1/2-1/2

[Event "YUG-ch 55th"]
[Site "Subotica"]
[Date "2000.03.16"]
[Round "1"]
[White "Kalezic, Blazo"]
[Black "Ilincic, Zlatko"]
[Result "1-0"]
[WhiteElo "2403"]
[BlackElo "2554"]
[Annotator "Rogozenco,D"]
[PlyCount "79"]
[EventDate "2000.03.16"]
[EventType "tourn"]
[EventRounds "15"]
[EventCountry "YUG"]
[EventCategory "10"]
[SourceTitle "CBM 076"]
[Source "ChessBase"]
[SourceDate "2000.05.31"]
[SourceVersion "1"]
[SourceVersionDate "2000.05.31"]
[SourceQuality "1"]

1. e4 c5 2. c3 Nf6 3. e5 Nd5 4. d4 cxd4 5. Nf3 Nc6 6. Bc4 Nb6 7. Bb3 d6 8. exd6
Qxd6 9. O-O Be6 10. Bxe6 Qxe6 11. Nxd4 Qd7 12. Nxc6 {The whole line leads to
equal positions.} Qxd1 (12... Qxc6 {In my opinion this is a bit more precise,
with complete equality.} 13. Qe2 e6 14. Nd2 Be7 15. Nf3 Bf6 16. Bg5 Bxg5 17.
Nxg5 h6 18. Nf3 O-O 19. Rad1 Rad8 20. Ne5 Qc5 $11 {1/2-1/2 Blatny,P-De Firmian,
N/Chicago 1995 (56)}) 13. Rxd1 bxc6 14. a4 e5 (14... e6 15. a5 Nd5 16. Nd2 Be7
17. Nc4 f6 $14 {/=.} 18. Be3 a6 19. Kf1 Kf7 $11 {0-1 Strikovic,A-Diaz,J/Novi
Sad 1990 (39)}) 15. a5 Nd5 16. Nd2 O-O-O 17. Nc4 $14 {/=} f6 {The position is
probably equal here too, but White can try to create something due to his
superior pawn structure.} 18. Be3 Rd7 (18... Nxe3 19. Rxd8+ Kxd8 20. fxe3 Kc7
21. e4 Bc5+ 22. Kf1 $14) 19. a6 Be7 20. Na5 (20. Kf1) 20... Nxe3 21. fxe3 Rhd8
22. Rxd7 Kxd7 23. Kf2 (23. Rd1+ $6 Kc7 24. Rxd8 Bxd8 25. Nc4 c5 {[%csl Ra6]
[%cal Rc7c6,Rc6b5]}) 23... Kc7 24. Ke2 e4 25. Ra4 f5 26. Rc4 c5 27. Ra4 Kb6 28.
Ra1 Kb5 29. c4+ Kb6 30. Nb3 Rb8 31. Na5 Rd8 32. Nb3 Kc7 33. Ra5 Rb8 34. Nxc5
Rxb2+ 35. Kf1 g6 36. Ne6+ Kb6 37. Rd5 Rb1+ 38. Kf2 Rb2+ 39. Kg3 {[%mdl 8192]}
Rc2 $4 (39... Kxa6 40. Rd7 (40. c5 Kb5 41. Rd7 (41. Nd4+ Kc4 42. c6 Kxd5 43. c7
Bd6+ $19) (41. h3 Kc6 $19) 41... Bxc5 42. Rd5 Kc6 43. Rxc5+ Kd6 {and White is
probably lost in Rook endgame.}) 40... Rb7 $17) 40. Rb5+ (40. Rb5+ Kc6 (40...
Kxa6 41. Nc7#) 41. Nd4+ {[%csl Rc2,Rc6]}) 1-0

[Event "Ciocaltea Memorial"]
[Site "Bucharest"]
[Date "2000.03.06"]
[Round "3"]
[White "Szabo, Gergely Andras"]
[Black "Rogozenco, Dorian"]
[Result "1-0"]
[WhiteElo "2399"]
[BlackElo "2562"]
[Annotator "Rogozenco,D"]
[PlyCount "65"]
[EventDate "2000.03.13"]
[EventType "tourn"]
[EventRounds "13"]
[EventCountry "ROU"]
[EventCategory "10"]
[SourceTitle "CBM 077"]
[Source "ChessBase"]
[SourceDate "2000.07.27"]
[SourceVersion "1"]
[SourceVersionDate "2000.07.27"]
[SourceQuality "1"]

1. e4 c5 2. c3 Nf6 3. e5 Nd5 4. d4 cxd4 5. Nf3 Nc6 6. Bc4 Nb6 7. Bb3 d5 8. exd6
Qxd6 9. Na3 dxc3 10. Qxd6 $5 {Although played rarely, it's probably not worse
than the existing alternatives.} (10. Nb5 Qxd1+ $11) (10. Qe2 Bf5 11. Nb5 Qd7
12. Ne5 Nxe5 13. Qxe5 Rc8 14. O-O Nc4 15. Bxc4 Rxc4 16. Nxc3 e6 17. Re1 Rc5 18.
Qg3 f6 $15 {1/2-1/2 Vajda,L-Rogozenko,D/Bucharest 2000/(56)}) 10... exd6 11.
Nb5 Rb8 12. bxc3 $1 (12. Ng5 Ne5 13. O-O Bd7 14. Nxc3 Be7 $15 {0-1 Blatny,
P-Wells,P/Austria 1999/ (70)}) 12... a6 13. Be3 (13. Nc7+ $2 Kd8 14. Nd5 Nxd5
15. Bxd5 Be6 $15) 13... Na8 $5 (13... axb5 $142 14. Bxb6 Be7 $13 15. O-O-O (15.
O-O O-O 16. Rfe1 Bf6 $11) 15... Be6 $1 16. Rhe1 (16. Bc7 Ra8) (16. Bxe6 fxe6
17. Bc7 Ra8 $17) (16. Nd4 Nxd4 17. Bxd4 O-O 18. Rhe1 d5 $15) 16... Ra8 (16...
Kd7 $5) 17. Kb2 Ra6 $15) 14. Nbd4 (14. Ng5 Be6 (14... axb5 15. Nxf7 $11) 15.
Nd4 Bxb3 16. axb3 Nc7 17. O-O-O Be7 18. Nf5 O-O $11) 14... Nc7 (14... Be7 15.
O-O-O O-O 16. Rhe1 Bg4 (16... Bd7 17. Bf4 Rfe8 18. Nxc6 Bxc6 19. Rxe7 Rxe7 20.
Bxd6 $11) 17. Nxc6 bxc6 18. Bf4 Bxf3 (18... Rb7 19. Bxd6 Bxf3 20. gxf3 $16) 19.
gxf3 Rbe8 20. Kc2 $1 $44) 15. O-O-O Na5 16. Rhe1 Nxb3+ 17. axb3 $44 Be7 18. Bf4
Ne6 19. Bg3 g6 20. c4 $1 {White has a very good compensation and only here I
realized the danger.} (20. Nxe6 Bxe6 21. Bxd6 Bxd6 22. Rxd6 Ke7 $11) 20... O-O
21. c5 Nxd4 (21... dxc5 $2 22. Nc6 $1 (22. Bxb8 cxd4 $13) 22... bxc6 23. Bxb8
$18) 22. Rxd4 (22. Nxd4 Bg5+ 23. Kb2 (23. f4 Bh6 24. cxd6 Rd8 25. Nf3 Bf8 $17)
23... Rd8 24. Bxd6 Ra8 25. Bc7 Rf8 $14) 22... Be6 23. cxd6 Bf6 24. Be5 Rbc8+ $2
$138 {Typical mistake in time trouble. Actually this unnecessary check is the
decisive mistake.} (24... Bxe5 25. Nxe5 (25. Rxe5 Bxb3 26. Re7 $13 a5 (26... h6
27. Ne5 Be6 28. Nxg6 $16) 27. Kb2 a4 28. Nd2 $14) 25... Rbc8+ 26. Kb2 Rfd8 $14)
25. Kb2 Bxe5 26. Rxe5 $1 Rfd8 (26... h6 27. d7 $1 Rcd8 28. Rd6 $1 Bg4 29. Re7
$16) 27. Ng5 Bf5 28. Re7 $18 Rc2+ 29. Ka3 Rxf2 30. Nxf7 Rb8 31. Nh6+ Kf8 32.
Rf7+ Ke8 33. d7+ 1-0

[Event "Ciocaltea Memorial"]
[Site "Bucharest"]
[Date "2000.03.09"]
[Round "6"]
[White "Vajda, Levente"]
[Black "Marjanovic, Slavoljub"]
[Result "1-0"]
[WhiteElo "2459"]
[BlackElo "2524"]
[Annotator "Rogozenco,D"]
[PlyCount "63"]
[EventDate "2000.03.13"]
[EventType "tourn"]
[EventRounds "13"]
[EventCountry "ROU"]
[EventCategory "10"]
[SourceTitle "CBM 077"]
[Source "ChessBase"]
[SourceDate "2000.07.27"]
[SourceVersion "1"]
[SourceVersionDate "2000.07.27"]
[SourceQuality "1"]

1. e4 c5 2. c3 Nf6 3. e5 Nd5 4. d4 cxd4 5. Nf3 e6 6. cxd4 b6 7. Nc3 Nxc3 8.
bxc3 Qc7 9. Bd2 d6 10. Bd3 Nd7 11. O-O dxe5 12. Ng5 Bb7 13. Qh5 g6 14. Qh3 Be7
15. Rae1 $36 {The whole line looks very suspicious for Black and White scored
a lot of wins in the practice. This game is no exception.} a6 $2 {Black has a
very dangerous position and there is simply no time for such moves.} (15... Bd5
16. a4 exd4 17. c4 Bxc4 18. Rc1 Ne5 19. Bf4 Bxg5 20. Rxc4 Qxc4 21. Bxe5 Qc3 22.
Bxh8 Ke7 23. Be5 Rc8 24. Qf3 Rd8 25. h4 Qa5 26. Bb5 {1-0 Kroeze,F-De Boer,S/
Enschede 1998 (26)}) (15... Rf8 16. Qxh7 O-O-O 17. Nxf7 Bxg2 18. Kxg2 Nf6 19.
Qh3 Qc6+ 20. Be4 Nxe4 21. Nxe5 Qd5 22. c4 {1-0 Jonkman,H-Taylor,P/London 1999/
EXT 2000 (22)}) 16. f4 $1 {All this was played before and it proved to be bad.}
exd4 $2 (16... Bxg5 17. fxg5 {is better than the text, but the following
copmuter-like game (from Black's side) shows that material is quite often not
the major factor in chess.} Qd6 18. Be4 Bxe4 19. Rxe4 Qd5 20. Rh4 Qxa2 21. Be3
Qd5 22. dxe5 a5 23. Rd4 Qb7 24. Bc1 Nxe5 25. Qh6 f5 26. gxf6 Nf7 27. Qg7 Rd8
28. Re1 Rxd4 29. Rxe6+ Kd8 30. cxd4 Qd7 31. Re7 Qxd4+ 32. Be3 Qb4 33. h3 {
1-0 Balinov,I-Kummer,H/Oberwart 1997}) 17. Nxf7 $1 dxc3 18. Qxe6 Nc5 19. Qf6
Rf8 20. Nd6+ Kd8 21. Nxb7+ Nxb7 22. Qxc3 $18 Qxc3 23. Bxc3 Nc5 24. Bc4 Bf6 25.
Bd2 Bd4+ 26. Kh1 Ra7 27. g4 Re7 28. f5 gxf5 29. Bh6 Rxe1 30. Rxe1 Re8 31. Rd1
Re4 32. Bg7 1-0

[Event "Budapest zt 1.4"]
[Site "Budapest"]
[Date "2000.06.22"]
[Round "6"]
[White "Vajda, Levente"]
[Black "Delchev, Aleksander"]
[Result "0-1"]
[WhiteElo "2459"]
[BlackElo "2560"]
[Annotator "Rogozenco,D"]
[PlyCount "118"]
[EventDate "2000.06.17"]
[EventType "swiss"]
[EventRounds "9"]
[EventCountry "HUN"]
[SourceTitle "CBM 078"]
[Source "ChessBase"]
[SourceDate "2000.10.18"]
[SourceVersion "1"]
[SourceVersionDate "2000.10.18"]
[SourceQuality "1"]

1. e4 c5 2. c3 Nf6 3. e5 Nd5 4. d4 cxd4 5. Nf3 Nc6 6. Bc4 Nb6 7. Bb3 d5 8. exd6
Qxd6 9. Na3 dxc3 10. Qxd6 exd6 11. Nb5 {This interesting possibility (10.Qxd6
and 11.Nb5) gained some popularity recently. White certainly has some
compensation for the pawn, but with an accurate play Black should face no
problems. In my opinion the position is about equal.} Rb8 12. bxc3 Be6 $5 $146
(12... a6 13. Be3 Na8 (13... axb5 14. Bxb6 Be7 $11) 14. Nbd4 Nc7 15. O-O-O $44
{1-0 Szabo,G-Rogozenko,D/Bucharest 2000 (32)}) 13. Be3 (13. Bf4 $142 $5 Rd8 14.
O-O-O d5 15. Rhe1 Be7 (15... Bc5 16. Nc7+ Kd7 17. Ng5 $36) 16. Bc7 (16. Nc7+
Kd7 17. Nxd5 Nxd5 18. Bxd5 Bxd5 19. Rxd5+ (19. c4 $5) 19... Kc8 $11) 16... Rd7
17. Bxb6 axb6 18. Bxd5 Bxd5 19. Rxd5 Rxd5 20. Nc7+ Kd7 21. Nxd5 Bc5 $11) 13...
Be7 14. Nfd4 (14. Nxa7 Nd5 $15 (14... Nc4 $5 15. Nxc6 bxc6 16. Bf4 Na5 $1)) (
14. O-O-O Nc4 $15) 14... Bc4 $15 15. O-O-O (15. Nxc6 bxc6 16. Nxa7 Kd7 17. Bxb6
Bxb3 18. axb3 Rxb6 $19) 15... Nxd4 16. Nxd4 d5 17. Bf4 $6 {Only improving the
position of black Rook. By playing Bf4 White admits his failure in the opening
(Bc1-e3-f4 is not impressive at all).} (17. Nf5 $142 Ba3+ 18. Kc2 O-O 19. Bd4
f6 20. Ne3 {And White wins the pawn back.}) 17... Rc8 $17 18. Rhe1 Kd7 19. Bc2
(19. Nf5 Bf6 $17) 19... Ba3+ 20. Kb1 g6 21. Nf3 f6 22. h4 {Black is a pawn up,
but his task is not very easy, since the opponent has active pieces.} Rc5 $1 {
[%csl Ra2][%cal Rc5a5]} 23. Nd4 Ra5 24. Bb3 Rc8 25. Re6 $6 (25. Re3 $142 $17)
25... Na4 26. Bxa4+ Rxa4 27. Rxf6 Rf8 $1 (27... Bxa2+ 28. Kxa2 Be7+ 29. Kb3
Rxd4 30. Rxd4 Bxf6 31. Rxd5+ Ke6 32. Rd6+ $1 (32. c4 $2 Bxh4 $17) (32. Rd3 Bxh4
$17) 32... Ke7 (32... Kf5 33. c4 Bxh4 34. Be3 $15) 33. Rd3 Bxh4 $140 34. Rh3
$15) 28. Rxf8 Bxf8 29. Rd2 Ra3 {White succeeded to reestablish materual
equality, but Black has a substantial advantage thanks to his activity and
Bishop pair. Especially weak is a2-pawn.} 30. Rb2 b6 31. Nb3 Bg7 32. Kc2 Bf6
33. g3 Ke6 {[%csl Ra2,Rb2]} 34. Be3 Kf5 35. f3 Be2 36. g4+ Ke6 37. g5 Bg7 38.
Bd4 Kf7 (38... Be5 39. f4 $1 Bxf4 (39... Bc7 40. Bf6 Bc4 41. Nd4+ Kd7 42. Be5
$15) 40. Bxb6 axb6 41. Nd4+ Ke5 42. Nxe2 Be3 $17) 39. Bxg7 Kxg7 40. Kd2 (40. f4
Bc4 41. Kd2 Kf7 {-game.}) 40... Bc4 (40... Bxf3 41. Ke3 Be4 $17) 41. Ke3 Kf7
42. f4 Ke6 43. Nd4+ Kd6 44. Nb3 {White's problem is that due to the weakness
on a2 he is forced to stay passive.} a5 45. Kd4 Ra4 46. Ke3 Bxb3 $5 47. axb3
Re4+ 48. Kf3 Ke6 49. Kg4 (49. Rd2 b5 $17 {[%cal Ra5a4]}) (49. Ra2 $142 Kf5 (
49... Re1 $17) 50. Ra4 Re1 51. Rd4 Ke6 52. c4 dxc4 53. Rxc4 Kd5 54. Rc7 $132)
49... Re3 50. Rc2 Re1 51. h5 $2 (51. c4 Rg1+ 52. Kf3 Rb1 $17) 51... gxh5+ 52.
Kxh5 Kf5 $19 53. Rh2 (53. Kh6 Rh1+ 54. Kg7 Kxf4 $19) 53... Kxf4 54. Kh6 Re6+
55. Kh5 Re3 56. Kh6 Rxc3 57. Rh4+ Kf5 58. Rh5 Kg4 59. Rh1 Rc6+ 0-1

[Event "FRA-chT poule basse"]
[Site "France"]
[Date "2003.05.10"]
[Round "11.2"]
[White "Crut, Aurelien"]
[Black "Landa, Konstantin"]
[Result "1-0"]
[WhiteElo "2344"]
[BlackElo "2643"]
[Annotator "Rogozenco,D"]
[PlyCount "49"]
[EventDate "2003.05.07"]
[EventType "team"]
[EventRounds "4"]
[EventCountry "FRA"]
[SourceTitle "CBM 095"]
[Source "ChessBase"]
[SourceDate "2003.07.25"]
[SourceVersion "1"]
[SourceVersionDate "2003.07.25"]
[SourceQuality "1"]
[WhiteTeam "Bordeaux"]
[BlackTeam "Nancy"]
[WhiteTeamCountry "FRA"]
[BlackTeamCountry "FRA"]

1. e4 c5 2. Nf3 e6 3. c3 Nf6 4. e5 Nd5 5. d4 cxd4 6. cxd4 d6 7. Bc4 Nb6 {
Another possibility is to keep the knight on d5 and continue development with
7...Nc6.} 8. Bd3 dxe5 {More common is 8...Nc6.} 9. dxe5 Na6 {A rare move,
successfully played by Nigel Short once.} (9... N8d7 10. Qe2 Nc5 11. Bc2 Nd5
12. O-O Bd7 13. a3 Be7 14. Nd4 Qb6 $1 15. Qg4 g6 16. b4 Na4 17. Re1 Rc8 18. Bb3
h5 19. Qd1 Rxc1 20. Qxc1 Qxd4 $19 {0-1 Potkin,V-Chuchelov,V/Istanbul 2003 (33)}
) 10. O-O (10. Qe2 Nc5 11. Bc2 Nd5 {leads to the above-given game.}) 10... Nc5
11. Bc2 Qxd1 12. Rxd1 Nd5 (12... Bd7 $142 13. Nc3 Rc8 14. a4 $6 a5 15. Nd4 Be7
16. Nb3 Nc4 17. Re1 O-O 18. Nxc5 Bxc5 19. Re4 Bb4 $17 {0-1 Shaw,J-Short,N/
Catalan Bay 2003 (51)}) 13. a3 Bd7 14. Nbd2 Rc8 {Black neglects the kingside
development and will soon pay the price for it.} (14... Be7 15. Ne4 O-O $11)
15. Ne4 Ba4 (15... Nxe4 16. Bxe4 Bc6 17. Nd4 $14) 16. Bxa4+ Nxa4 17. Be3 $1 {
A highly interesting idea. The knight on d5 is very strong, so White doesn't
mind to break the pawn structure in order to trade it.} b6 (17... Nxe3 $142 18.
fxe3 Be7 (18... Nxb2 19. Rdb1 Nc4 20. Rxb7 $36) 19. Nd6+ Bxd6 20. exd6 O-O {
although here White is clearly better thanks to his strong passed d-pawn.}) 18.
Rac1 Rxc1 19. Rxc1 Nxe3 {This runs into an unexpected reply. On the other hand
the position was difficult for Black anyway.} (19... Nxb2 20. Rc8+ Kd7 21. Ra8
$16) (19... Kd7 20. Bd4 {[%cal Gb2b3]} h6 21. b3 Nc5 (21... Bxa3 22. Ra1 Nc5
23. Rxa3 Nxe4 24. Rxa7+ Kc6 25. Rxf7 $18) 22. Bxc5 Bxc5 23. Nxc5+ bxc5 24. Rxc5
$16) 20. Rc8+ $1 Kd7 21. Ra8 $16 Nxb2 (21... a5 22. fxe3 Nxb2 23. Nfg5 (23. Nd4
Nc4 24. Ra7+ Kc8 25. Nc6 b5 26. Kf2 $44) 23... Nc4 24. Nxf7 Rg8 25. a4 Nxe3 26.
Kf2 $44) 22. fxe3 Nd1 $2 (22... a5 {- 21...a5.}) 23. Nd4 $1 $18 Nxe3 24. Rxa7+
Kc8 25. Nd6+ (25. Nd6+ Bxd6 26. exd6 {[%cal Ga7c7,Rd4c6] and unavoidable mate
in three.}) 1-0